000
00313nam a2200133Ia 4500
008
240624s9999 xx 000 0 und d
041
_a
eng
082
_a
891.46 DES
100
_a
DESHPANDE P L
245
_a
AAPULKI
260
_c
2007
_a
Mumbai
_b
Mouj Prakashan
300
_a
139 : p. : cm. ; 21
365
_c
RS
_b
20
999
_c
14351
_d
14351